LEADER 00870nam0-22002771i-450- 001 990000084340403321 035 $a000008434 035 $aFED01000008434 035 $a(Aleph)000008434FED01 035 $a000008434 100 $a20011111d--------km-y0itay50------ba 101 0 $aita 105 $ay-------001yy 200 1 $aSUITES des expériences d'artillerie$eexécutées à Gavre par ordre du ministre de la marine$grecherches expérimentales surles déviations des projectiles. 210 $aParis$cImprimerie royale$d1844 215 $a48 p., 2 tav.$cill.$d28 cm 610 0 $aProietti$aDeviazione 676 $a623.51 801 0$aIT$bUNINA$gRICA$2UNIMARC 901 $aBK 912 $a990000084340403321 952 $a13 AR 29 B 51$b1971$fFINBC 959 $aFINBC 996 $aSUITES des expériences d'artillerie$9109652 997 $aUNINA DB $aING01 LEADER 01183nam--2200397---450- 001 990002802750203316 005 20060829121741.0 010 $a88-464-1341-5 035 $a000280275 035 $aUSA01000280275 035 $a(ALEPH)000280275USA01 035 $a000280275 100 $a20060829d1999----km-y0itay0103----ba 101 $aita 102 $aIT 105 $a||||||||001yy 200 1 $a<> bilancio di competenze$fa cura di Alessandra Selvatici, Maria Grazia D'angelo$gscritti di Anna Maria Bagnacani...[et al.] 210 $aMilano$cF. Angeli$dc1999 215 $a234 p.$d22 cm 225 2 $aPolitiche del lavoro$v24 410 0$12001$aPolitiche del lavoro$v24 454 1$12001 461 1$1001-------$12001 606 0 $aOrientamento professionale$xAspetti psicologici 676 $a158.6 702 1$aSELVATICI,$bAlessandra 702 1$aD'ANGELO,$bMaria Grazia 702 1$aBAGNACANI,$bAnna Maria 801 0$aIT$bsalbc$gISBD 912 $a990002802750203316 951 $aP08 1577$bDISTRA 959 $aBK 969 $aDISTRA 979 $aDISTRA2$b10$c20060829$lUSA01$h1217 996 $aBilancio di competenze$9629618 997 $aUNISA